000 00767nam a22002177a 4500
999 _c6258
_d6258
003 AR-CdUCM
008 190314b ||||| |||| 00| 0 spa d
040 _aMUNICIPALIDAD PROVINCIAL DEL CUSCO
_cBIBLIOTECA MUNICIPAL DEL CUSCO
082 _a868.6 /
_bD53
100 _aDelgado, Washington
_91113
245 _aPara vivir mañana :
_bCanción española /
260 _aLima :
_bMInerva,
_c1959.
300 _a51 páginas ;
_c21 cm.
500 _aDonación familia Nieto
505 _aContenido: 1959 -- Poema moral -- Camino de perfección -- La noche dichosa -- Para vivir mañana -- Sabiduría humana -- En el valle de las sombras...
650 _aPoesía peruana
_9806
650 _aSiglo XX
_98
650 _aPerú
_935
942 _2ddc
_cLIBROS
945 _adavv